|
|
|
|
| LEADER |
00000nam0a2200000 4500 |
| 001 |
330606 |
| 005 |
20231102004257.0 |
| 035 |
|
|
|a (RuTPU)RU\TPU\book\356381
|
| 090 |
|
|
|a 330606
|
| 100 |
|
|
|a 20170407d1971 km y0rusy50 ca
|
| 101 |
0 |
|
|a rus
|
| 102 |
|
|
|a RU
|
| 105 |
|
|
|a a z 001zy
|
| 200 |
1 |
|
|a Регулирование свойств буровых растворов из неглинистых пород
|f Н. Ф. Семенко
|
| 210 |
|
|
|a Москва
|c Недра
|d 1971
|
| 215 |
|
|
|a 144 с.
|c ил.
|
| 320 |
|
|
|a Библиогр.: с. 140-143
|
| 606 |
1 |
|
|a Промывочные растворы, буровые
|x Физико-химические свойства
|2 stltpush
|3 (RuTPU)RU\TPU\subj\52196
|9 70685
|
| 610 |
1 |
|
|a буровые растворы
|
| 610 |
1 |
|
|a неглинистые породы
|
| 610 |
1 |
|
|a регулирование
|
| 610 |
1 |
|
|a бурение
|
| 610 |
1 |
|
|a промывочные жидкости
|
| 610 |
1 |
|
|a экспериментальные исследования
|
| 610 |
1 |
|
|a состав
|
| 610 |
1 |
|
|a промышленные условия
|
| 610 |
1 |
|
|a опытно-промышленные работы
|
| 610 |
1 |
|
|a поверхностно-активные вещества
|
| 610 |
1 |
|
|a экономическая целесообразность
|
| 675 |
|
|
|a 622.244.4
|v 4
|
| 700 |
|
1 |
|a Семенко
|b Н. Ф.
|g Николай Филиппович
|
| 801 |
|
1 |
|a RU
|b 63413507
|c 20170407
|
| 801 |
|
2 |
|a RU
|b 63413507
|c 20170410
|g RCR
|
| 942 |
|
|
|c BK
|